| 000 | 00394nam a22001697a 4500 | ||
|---|---|---|---|
| 999 |
_c42970 _d42970 |
||
| 003 | OSt | ||
| 005 | 20240222122815.0 | ||
| 008 | 240222b ||||| |||| 00| 0 eng d | ||
| 020 | _a9781259029950 | ||
| 040 | _cclc | ||
| 082 |
_a519.5 _bBUY/M |
||
| 100 | _aBuyya, Rajkumar | ||
| 245 | _aMastering Cloud Computing | ||
| 250 | _a21st Ed. | ||
| 260 |
_aChennai _bMc Graw Hill _c2023 |
||
| 942 | _cBK | ||